[Event "Vsetin op 40th"]
[Site "Vsetin"]
[Date "2015.07.06"]
[Round "4"]
[White "Ganaus, Hannes"]
[Black "Krutina, Ivan"]
[Result "1-0"]
[WhiteElo "2283"]
[BlackElo "1990"]
[PlyCount "75"]
[EventDate "2015.07.04"]
[EventType "swiss"]
[EventRounds "9"]
[EventCountry "CZE"]
[SourceTitle "CBM 167 Extra"]
[Source "ChessBase"]
[SourceDate "2015.09.14"]
[SourceVersion "1"]
[SourceVersionDate "2015.09.14"]
[SourceQuality "1"]

1. c4 c5 2. b3 Nc6 3. Bb2 Nf6 4. e3 e6 5. Nf3 d5 6. cxd5 exd5 7. Bb5 Be7 8. 0-0 Bg4 9. h3 Bh5 10. d3 0-0 11. Bxc6 bxc6 12. g4 Bg6 13. Ne5 Qc7 14. f4 h6 15. Nd2 Rad8 16. Qe2 Nd7 17. Ndf3 Nxe5 18. Bxe5 Bd6 19. Bxd6 Qxd6 20. f5 Bh7 21. Qh2 Rfe8 22. Qxd6 Rxd6 23. Rfe1 g6 24. e4 dxe4 25. dxe4 Rd3 26. Kf2 Rc3 27. Rad1 c4 28. bxc4 Rxc4 29. Rd4 Rc2+ 30. Kg3 Rc3 31. f6 g5 32. e5 Bg6 33. Rd7 Kf8 34. Rxa7 Rc4 35. e6 fxe6 36. Ne5 Rc3+ 37. Kf2 Bf7 38. Rxf7+ 1-0

[Event "Vsetin op 40th"]
[Site "Vsetin"]
[Date "2015.07.05"]
[Round "2"]
[White "Portych, Vaclav"]
[Black "Krutina, Ivan"]
[Result "1/2-1/2"]
[WhiteElo "1891"]
[BlackElo "1990"]
[PlyCount "40"]
[EventDate "2015.07.04"]
[EventType "swiss"]
[EventRounds "9"]
[EventCountry "CZE"]
[SourceTitle "CBM 167 Extra"]
[Source "ChessBase"]
[SourceDate "2015.09.14"]
[SourceVersion "1"]
[SourceVersionDate "2015.09.14"]
[SourceQuality "1"]

1. c4 c5 2. Nf3 Nc6 3. Nc3 g6 4. g3 Bg7 5. Bg2 e6 6. e3 Nge7 7. d4 cxd4 8. Nxd4 0-0 9. 0-0 a6 10. b3 Nf5 11. Nxc6 bxc6 12. Bb2 d5 13. cxd5 cxd5 14. Qd2 Bb7 15. Na4 Rc8 16. Bxg7 Kxg7 17. Rfd1 Qf6 18. Rac1 Nd6 19. Nc5 Qe7 20. Bf1 Rxc5 1/2-1/2

[Event "CZE-chT2C 1314"]
[Site "Czech Republic"]
[Date "2014.01.05"]
[Round "5.8"]
[White "Hradecky, Ivo"]
[Black "Krutina, Ivan"]
[Result "0-1"]
[WhiteElo "2080"]
[BlackElo "2023"]
[PlyCount "64"]
[EventDate "2013.11.03"]
[EventType "team-tourn"]
[EventRounds "11"]
[EventCountry "CZE"]
[SourceTitle "EXT 2015"]
[Source "ChessBase"]
[SourceDate "2014.11.20"]
[SourceVersion "1"]
[SourceVersionDate "2014.11.20"]
[SourceQuality "1"]
[WhiteTeam "Vlasim"]
[BlackTeam "Praha Dukla"]
[WhiteTeamCountry "CZE"]
[BlackTeamCountry "CZE"]

1. e4 e5 2. Nf3 Nc6 3. Bb5 a6 4. Ba4 Nf6 5. 0-0 Be7 6. Re1 b5 7. Bb3 0-0 8. c3 d6 9. h3 Bb7 10. d4 exd4 11. cxd4 h6 12. a3 Nh7 13. Nc3 Ng5 14. Nxg5 Bxg5 15. Nd5 Rc8 16. Qd3 Bxc1 17. Raxc1 Ne7 18. Nxe7+ Qxe7 19. e5 Qg5 20. g3 dxe5 21. Rc5 e4 22. Qc3 Qe7 23. f3 Qd7 24. fxe4 Qxh3 25. Rxc7 Qg4 26. Rxc8 Rxc8 27. Qe3 Re8 28. e5 Bf3 29. Kf2 Bb7 30. Qf4 Qh5 31. d5 Qh2+ 32. Ke3 Qxb2 0-1

[Event "CZE-chT2A 1112"]
[Site "Czech Republic"]
[Date "2012.01.08"]
[Round "5.7"]
[White "Krutina, Ivan"]
[Black "Chlad, Lukas"]
[Result "0-1"]
[WhiteElo "2046"]
[BlackElo "1921"]
[PlyCount "94"]
[EventDate "2011.10.09"]
[EventType "team-tourn"]
[EventRounds "11"]
[EventCountry "CZE"]
[SourceTitle "EXT 2013"]
[Source "ChessBase"]
[SourceDate "2012.11.22"]
[SourceVersion "1"]
[SourceVersionDate "2012.11.22"]
[SourceQuality "1"]
[WhiteTeam "Praha Dukla"]
[BlackTeam "Klatovy"]
[WhiteTeamCountry "CZE"]
[BlackTeamCountry "CZE"]

1. e4 c5 2. Nf3 Nc6 3. d4 cxd4 4. Nxd4 g6 5. Be3 Bg7 6. Bc4 Nf6 7. Nc3 0-0 8. Nxc6 dxc6 9. Qxd8 Rxd8 10. f3 b5 11. Bb3 Ba6 12. Ne2 Nd7 13. c3 c5 14. Kf2 c4 15. Bc2 e5 16. a4 Bf8 17. axb5 Bxb5 18. Rxa7 Rxa7 19. Bxa7 Ra8 20. Be3 Ra2 21. Rb1 Bc5 22. Nc1 Ra6 23. g3 Rd6 24. b3 Rd2+ 25. Ne2 Rxc2 26. b4 Bxe3+ 27. Kxe3 Nb6 28. Ra1 Na4 29. Ra3 Rb2 30. Ra1 Rc2 31. Ra3 Kg7 32. h3 g5 33. g4 Nb2 34. Kf2 Ba4 35. Kf1 Rd2 36. Ke1 Rd1+ 37. Kf2 Nd3+ 38. Ke3 Bb3 39. Ng3 Nf4 40. Nf5+ Kf6 41. Ra6+ Ne6 42. b5 Rd3+ 43. Ke2 Bd1+ 44. Kf2 Bxf3 45. Nd6 Rxc3 46. b6 Nc5 47. Ra7 Nxe4+ 0-1

[Event "CZE-chT2A 1112"]
[Site "Czech Republic"]
[Date "2011.11.06"]
[Round "2"]
[White "Riedl, Maximilian"]
[Black "Krutina, Ivan"]
[Result "0-1"]
[WhiteElo "2037"]
[BlackElo "2046"]
[PlyCount "72"]
[EventDate "2011.10.09"]
[EventType "team-tourn"]
[EventRounds "11"]
[EventCountry "CZE"]
[SourceTitle "EXT 2013"]
[Source "ChessBase"]
[SourceDate "2012.11.22"]
[SourceVersion "1"]
[SourceVersionDate "2012.11.22"]
[SourceQuality "1"]
[WhiteTeam "Domazlice"]
[BlackTeam "Praha Dukla"]
[WhiteTeamCountry "CZE"]
[BlackTeamCountry "CZE"]

1. d4 d5 2. Nf3 e6 3. e3 Nf6 4. Bd3 Bd6 5. Nbd2 b6 6. Qe2 Bb7 7. Ne5 Nbd7 8. f4 0-0 9. 0-0 Ne4 10. Rf3 f5 11. Rh3 Ndf6 12. Ndf3 Qe7 13. Bd2 Ng4 14. Be1 c5 15. c3 cxd4 16. exd4 Bxe5 17. Nxe5 Nxe5 18. fxe5 Qg5 19. Rd1 Bc6 20. Qc2 Qe7 21. Bh4 Qd7 22. Rf1 Bb5 23. Bxb5 Qxb5 24. Be7 Rf7 25. a4 Qc4 26. Ba3 Rc8 27. Qd1 g6 28. Rd3 Rg7 29. Rff3 g5 30. g4 f4 31. Rh3 Rcc7 32. Rh6 Rg6 33. Rdh3 Rxh6 34. Rxh6 Qc6 35. Bd6 Rf7 36. Rxe6 f3 0-1

[Event "Tabor op"]
[Site "Tabor"]
[Date "2010.08.08"]
[Round "9"]
[White "Krutina, Ivan"]
[Black "Shikhta, Vladislav"]
[Result "1/2-1/2"]
[WhiteElo "2091"]
[BlackElo "1857"]
[PlyCount "33"]
[EventDate "2010.08.01"]
[EventType "swiss"]
[EventRounds "9"]
[EventCountry "CZE"]
[SourceTitle "EXT 2012"]
[Source "ChessBase"]
[SourceDate "2011.11.24"]
[SourceVersion "1"]
[SourceVersionDate "2011.11.24"]
[SourceQuality "1"]

1. e4 e6 2. d4 d5 3. exd5 exd5 4. c4 Nf6 5. Nc3 Be7 6. Bd3 0-0 7. Nge2 Nbd7 8. 0-0 dxc4 9. Bxc4 Nb6 10. Bb3 c6 11. Qd3 Nbd5 12. Bg5 Be6 13. Rad1 Nxc3 14. bxc3 Bxb3 15. axb3 Qd5 16. Bxf6 Bxf6 17. c4 1/2-1/2

[Event "Tabor op"]
[Site "Tabor"]
[Date "2010.08.02"]
[Round "2"]
[White "Hasangatin, Ramil"]
[Black "Krutina, Ivan"]
[Result "1-0"]
[WhiteElo "2498"]
[BlackElo "2091"]
[PlyCount "125"]
[EventDate "2010.08.01"]
[EventType "swiss"]
[EventRounds "9"]
[EventCountry "CZE"]
[SourceTitle "EXT 2012"]
[Source "ChessBase"]
[SourceDate "2011.11.24"]
[SourceVersion "1"]
[SourceVersionDate "2011.11.24"]
[SourceQuality "1"]

1. d4 d5 2. Bg5 h6 3. Bh4 Nf6 4. Bxf6 exf6 5. e3 Bd6 6. c4 c6 7. cxd5 cxd5 8. Nc3 Be6 9. g3 0-0 10. Bg2 Bb4 11. Nge2 Qd7 12. 0-0 Nc6 13. Na4 b6 14. a3 Bd6 15. Nac3 Ne7 16. Qb3 Bc7 17. Qb5 Qd6 18. Nf4 Rfd8 19. Rfc1 Rac8 20. Rc2 g5 21. Nd3 Bb8 22. Rac1 Kg7 23. Nb4 Bf5 24. Rd2 Bd7 25. Qf1 Be6 26. e4 dxe4 27. Nxe4 Qd7 28. Rxc8 Rxc8 29. Nc3 Bc4 30. Qb1 f5 31. b3 Be6 32. Qb2 f6 33. d5 Bf7 34. Nc6 Nxc6 35. dxc6 Qe6 36. Ne2 Be5 37. Qc2 Be8 38. Bd5 Qe7 39. b4 Rc7 40. Qxf5 Bc3 41. Ra2 Bxc6 42. Bxc6 Rxc6 43. Rc2 Rc7 44. h4 Be5 45. h5 Rxc2 46. Qxc2 Qf7 47. f4 gxf4 48. gxf4 Qxh5 49. fxe5 Qxe5 50. Qd3 f5 51. Kg2 Kf6 52. Kf3 h5 53. Nf4 h4 54. Qd8+ Kf7 55. Qd7+ Kf6 56. Qc6+ Kf7 57. a4 Qe4+ 58. Qxe4 fxe4+ 59. Kxe4 Kf6 60. b5 Kg5 61. Kf3 Kf5 62. Nd5 Ke5 63. Ne7 1-0

[Event "CZE-chT2C 0910"]
[Site "Czech Republic"]
[Date "2010.02.28"]
[Round "8.7"]
[White "Krutina, Ivan"]
[Black "Nemcova, Kristyna"]
[Result "0-1"]
[WhiteElo "2098"]
[BlackElo "2009"]
[PlyCount "40"]
[EventDate "2009.10.18"]
[EventType "team-tourn"]
[EventRounds "11"]
[EventCountry "CZE"]
[SourceTitle "EXT 2011"]
[Source "ChessBase"]
[SourceDate "2010.11.26"]
[SourceVersion "1"]
[SourceVersionDate "2010.11.26"]
[SourceQuality "1"]
[WhiteTeam "Praha Dukla"]
[BlackTeam "Praha Oaza"]
[WhiteTeamCountry "CZE"]
[BlackTeamCountry "CZE"]

1. e4 c5 2. Nf3 Nc6 3. d4 cxd4 4. Nxd4 Qc7 5. Nc3 e6 6. Be2 a6 7. 0-0 Nf6 8. a3 Be7 9. Qd3 0-0 10. Rd1 Rd8 11. Bg5 b5 12. Nxc6 dxc6 13. Qg3 Rxd1+ 14. Rxd1 e5 15. h4 Kh8 16. f4 exf4 17. Bxf4 Qb6+ 18. Be3 Bc5 19. Kh1 Bxe3 20. Qxe3 Qxe3 0-1

[Event "CZE-chT2C 0910"]
[Site "Czech Republic"]
[Date "2009.12.06"]
[Round "4.8"]
[White "Krutina, Ivan"]
[Black "Postupa, Pavel1111"]
[Result "0-1"]
[WhiteElo "2098"]
[BlackElo "2117"]
[PlyCount "110"]
[EventDate "2009.10.18"]
[EventType "team-tourn"]
[EventRounds "11"]
[EventCountry "CZE"]
[SourceTitle "EXT 2011"]
[Source "ChessBase"]
[SourceDate "2010.11.26"]
[SourceVersion "1"]
[SourceVersionDate "2010.11.26"]
[SourceQuality "1"]
[WhiteTeam "Praha Dukla"]
[BlackTeam "Lysa nad Labem II"]
[WhiteTeamCountry "CZE"]
[BlackTeamCountry "CZE"]

1. e4 c5 2. Nf3 d6 3. d4 cxd4 4. Nxd4 Nf6 5. Nc3 a6 6. Be2 e5 7. Nb3 Be6 8. 0-0 Nbd7 9. f4 Qc7 10. f5 Bc4 11. Bxc4 Qxc4 12. Qd3 Qc6 13. h3 Be7 14. Be3 Rc8 15. Rac1 b5 16. a3 0-0 17. Bg5 Rfd8 18. Kh1 Nb6 19. Nd2 d5 20. Bxf6 Bxf6 21. exd5 Nxd5 22. Nxd5 Rxd5 23. Qe3 e4 24. c3 Rd3 25. Qe2 Bg5 26. Nxe4 Re3 27. Qg4 Qxe4 28. Qxg5 Rxh3+ 29. Kg1 h6 30. Qf4 Re3 31. Qxe4 Rxe4 32. Rcd1 a5 33. f6 g5 34. Rd5 b4 35. Rxa5 bxc3 36. bxc3 Rxc3 37. Ra8+ Kh7 38. Rf8 Rc7 39. Kh2 Re6 40. Rf3 Ra7 41. g4 Re2+ 42. Kh3 Re4 43. Kg3 Rc4 44. Kh3 h5 45. Re3 hxg4+ 46. Kg3 Kg6 47. Rb8 Kxf6 48. Rb4 Rac7 49. Reb3 Kg6 50. a4 Rxb4 51. Rxb4 Rc3+ 52. Kg2 f5 53. a5 Ra3 54. Rb6+ Kh5 55. a6 Ra2+ 0-1

[Event "CZE-chT1W 0607"]
[Site "Czech Republic"]
[Date "2006.11.26"]
[Round "3.8"]
[White "Krutina, Ivan"]
[Black "Plesek, Jiri"]
[Result "1/2-1/2"]
[WhiteElo "2076"]
[BlackElo "2155"]
[PlyCount "75"]
[EventDate "2006.10.29"]
[EventType "team"]
[EventRounds "11"]
[EventCountry "CZE"]
[SourceTitle "EXT 2009"]
[Source "ChessBase"]
[SourceDate "2008.11.26"]
[SourceVersion "1"]
[SourceVersionDate "2008.11.26"]
[SourceQuality "1"]
[WhiteTeam "Praha Dukla"]
[BlackTeam "Praha Pankrac"]
[WhiteTeamCountry "CZE"]
[BlackTeamCountry "CZE"]

1. e4 e5 2. Nf3 Nc6 3. Bb5 a6 4. Ba4 Nf6 5. 0-0 Be7 6. Re1 b5 7. Bb3 0-0 8. d4 d6 9. dxe5 dxe5 10. Qxd8 Rxd8 11. Nc3 Bg4 12. Bd5 Nxd5 13. Nxd5 Bd6 14. c3 Kf8 15. Be3 Ne7 16. Nxe7 Kxe7 17. Nd2 Rdc8 18. c4 Bb4 19. c5 Rd8 20. f3 Bxd2 21. Bxd2 Rxd2 22. fxg4 Rxb2 23. a4 bxa4 24. Rxa4 Rd8 25. Rxa6 Rdd2 26. Ra7 Rxg2+ 27. Kh1 Rxh2+ 28. Kg1 Rbg2+ 29. Kf1 Ra2 30. Kg1 Rag2+ 31. Kf1 Rd2 32. Kg1 Kd7 33. Ra8 Rhg2+ 34. Kh1 Rxg4 35. c6+ Kxc6 36. Rc1+ Kb7 37. Ra7+ Kxa7 38. Rxc7+ 1/2-1/2

[Event "SVK-ch op-A"]
[Site "Banska Stiavnica"]
[Date "2006.07.08"]
[Round "1"]
[White "Krutina, Ivan"]
[Black "Tibensky, Robert"]
[Result "0-1"]
[WhiteElo "2086"]
[BlackElo "2385"]
[PlyCount "130"]
[EventDate "2006.07.08"]
[EventType "swiss"]
[EventRounds "9"]
[EventCountry "SVK"]
[SourceTitle "CBM 113 Extra"]
[Source "ChessBase"]
[SourceDate "2006.09.14"]
[SourceVersion "1"]
[SourceVersionDate "2006.09.14"]
[SourceQuality "1"]

1. e4 e6 2. d4 d5 3. exd5 exd5 4. c4 Nf6 5. Nc3 Bb4 6. Bg5 0-0 7. cxd5 Re8+ 8. Be2 Qxd5 9. Nf3 Ne4 10. Bd2 Qa5 11. Nxe4 Rxe4 12. 0-0 Bxd2 13. Bd3 Re8 14. Qxd2 Qxd2 15. Nxd2 Rd8 16. Nf3 Nc6 17. Rfd1 Bg4 18. d5 Ne7 19. Bc4 Bxf3 20. gxf3 Rd7 21. Rd3 Rad8 22. Rad1 g6 23. a4 a5 24. Kg2 Kg7 25. f4 Kf6 26. Kf3 h6 27. Bb3 c6 28. Ke4 c5 29. Bc4 Nf5 30. b3 Nd6+ 31. Kf3 Re7 32. Re3 Nf5 33. Rxe7 Kxe7 34. Rh1 Kd6 35. Kg4 Re8 36. h4 Ng7 37. Rh3 f5+ 38. Kf3 Nh5 39. Rh1 Re4 40. Rg1 Nxf4 41. Rg4 Ke5 42. Rg1 Rd4 43. Re1+ Kf6 44. d6 g5 45. hxg5+ hxg5 46. Re7 Rxd6 47. Rxb7 Nd3 48. Rc7 Ne5+ 49. Kg2 Rc6 50. Ra7 Nxc4 51. bxc4 Ke5 52. Rxa5 Kd4 53. Ra8 Kxc4 54. Rf8 Kb4 55. Rxf5 c4 56. Rxg5 c3 57. Rb5+ Kxa4 58. Rb1 c2 59. Rc1 Kb3 60. f4 Kb2 61. Rf1 c1Q 62. Rxc1 Rxc1 63. Kf3 Kc3 64. Ke4 Kc4 65. Ke5 Kc5 0-1

[Event "Klatovy op-A"]
[Site "Klatovy"]
[Date "2004.07.04"]
[Round "2"]
[White "Hacaperkova, Lenka"]
[Black "Krutina, Ivan"]
[Result "1/2-1/2"]
[WhiteElo "1967"]
[BlackElo "2067"]
[PlyCount "97"]
[EventDate "2004.07.03"]
[EventType "swiss"]
[EventRounds "9"]
[EventCountry "CZE"]
[SourceTitle "CBM 101 Extra"]
[Source "ChessBase"]
[SourceDate "2004.09.01"]
[SourceVersion "2"]
[SourceVersionDate "2004.09.01"]
[SourceQuality "1"]

1. e4 e5 2. Nf3 Nc6 3. Bb5 a6 4. Bxc6 dxc6 5. 0-0 Bg4 6. h3 Bxf3 7. Qxf3 Qf6 8. Qe2 Bc5 9. d3 Ne7 10. Be3 Qd6 11. Nd2 b5 12. Nb3 Bb6 13. Kh1 0-0 14. f4 f5 15. Rad1 Bxe3 16. Qxe3 fxe4 17. fxe5 Qxe5 18. Qxe4 Rxf1+ 19. Rxf1 Qxe4 20. dxe4 Re8 21. Kg1 Ng6 22. Nc5 a5 23. Re1 Ne5 24. b3 g6 25. Kf2 Kf7 26. Ke3 Ke7 27. Rd1 Rf8 28. Rd2 a4 29. Rf2 Rxf2 30. Kxf2 axb3 31. axb3 Kd6 32. Nd3 Nd7 33. Ke3 c5 34. c3 Nb6 35. Nb2 Ke5 36. c4 c6 37. g3 g5 38. Kd3 h5 39. Ke3 Ke6 40. h4 gxh4 41. gxh4 Ke5 42. Nd3+ Kd6 43. e5+ Ke6 44. Ke4 bxc4 45. Nxc5+ Ke7 46. bxc4 Nxc4 47. Kf5 Ne3+ 48. Kf4 Nc4 49. Kf5 1/2-1/2

[Event "CZE-chTJ 0102"]
[Site "Czech Republic"]
[Date "2001.??.??"]
[Round "8"]
[White "Krutina, Ivan"]
[Black "Loskot, Petr"]
[Result "1-0"]
[WhiteElo "2097"]
[BlackElo "1955"]
[PlyCount "77"]
[EventDate "2001.??.??"]
[EventType "team"]
[EventRounds "11"]
[EventCountry "CZE"]
[SourceTitle "EXT 2003"]
[Source "ChessBase"]
[SourceDate "2002.11.25"]
[SourceVersion "1"]
[SourceVersionDate "2002.11.25"]
[SourceQuality "1"]
[WhiteTeam "Praha Dukla II"]
[BlackTeam "Ceske Budejovice"]
[WhiteTeamCountry "CZE"]
[BlackTeamCountry "CZE"]

1. e4 Nf6 2. e5 Nd5 3. d4 d6 4. Nf3 Bg4 5. Be2 c6 6. 0-0 Bxf3 7. Bxf3 dxe5 8. dxe5 e6 9. c4 Ne7 10. Qxd8+ Kxd8 11. Rd1+ Kc7 12. b3 Ng6 13. Bb2 Nd7 14. Re1 Bb4 15. Re4 Nc5 16. Re3 Rad8 17. a3 Nd3 18. axb4 Nxb2 19. Nc3 Nd3 20. b5 Ndxe5 21. bxc6 Nxf3+ 22. Rxf3 Ne5 23. Rg3 g6 24. cxb7 Kxb7 25. Re3 Nc6 26. Ne4 Rd4 27. g3 h6 28. c5 Rf8 29. Nd6+ Kb8 30. Ra6 Nb4 31. Ra5 Nd3 32. b4 e5 33. Nb5 Rd7 34. Nd6 Nb2 35. Rb3 Rxd6 36. cxd6 Nc4 37. Rb5+ Ka8 38. d7 f6 39. Rc3 1-0

[Event "CZE-chTV 0001"]
[Site "Czech Republic"]
[Date "2001.??.??"]
[Round "5"]
[White "Krutina, Ivan"]
[Black "Provaznik, Ivan"]
[Result "1-0"]
[WhiteElo "2020"]
[BlackElo "1980"]
[PlyCount "87"]
[EventDate "2000.??.??"]
[EventType "team"]
[EventRounds "11"]
[EventCountry "CZE"]
[SourceTitle "EXT 2003"]
[Source "ChessBase"]
[SourceDate "2002.11.25"]
[SourceVersion "1"]
[SourceVersionDate "2002.11.25"]
[SourceQuality "1"]

1. e4 c5 2. Nf3 d6 3. d4 cxd4 4. Nxd4 Nf6 5. Nc3 a6 6. g3 e6 7. Bg2 Be7 8. 0-0 0-0 9. Be3 Qc7 10. f4 Nc6 11. Kh1 Bd7 12. g4 Nxd4 13. Bxd4 e5 14. g5 exd4 15. gxf6 dxc3 16. fxe7 Rfe8 17. bxc3 Bc6 18. Qd4 Qxe7 19. Rae1 Rad8 20. Re3 f5 21. Rfe1 fxe4 22. Bxe4 Bxe4+ 23. Rxe4 Qf7 24. Qxd6 Rxd6 25. Rxe8+ Qxe8 26. Rxe8+ Kf7 27. Rb8 Rb6 28. Kg2 Ke6 29. Kg3 Kd5 30. Rd8+ Kc5 31. Rd7 Rg6+ 32. Kf3 b6 33. Rc7+ Kb5 34. h4 a5 35. h5 Rg1 36. c4+ Kb4 37. Rc6 Ra1 38. f5 Rxa2 39. h6 gxh6 40. f6 Ra1 41. Ke2 Rc1 42. f7 Rxc2+ 43. Ke3 Rc3+ 44. Ke4 1-0